000 00304nam a2200145Ia 4500
100 _aAlexander/P.C
650 _aGeneral
942 _cBK
654 _apower
245 _aThrough the corridors of power
260 _bHarper collins
_c2004
082 _a920
_bALE
300 _a480
546 _aENGLISH
999 _c24379
_d24379